000 01750nam a22003977a 4500
003 CHAP
005 20220329133802.0
008 120606s2008 sp a r 00010 spa d
010 _a10868
011 _a11840
020 _a978-84-291-7255-3 (Volúmen 1)
020 _a978-84-291-7256-0 (Volúmen 2)
020 _a9788429172577 (Obra completa)
035 _a11281
040 _cCHAP
082 0 4 _a620.11
_bA82
100 1 _aAshby, Michel F.
_97913
245 1 0 _aMateriales para ingeniería
_c/por Michael F. Ashby y David R. H. Jones
260 _aBarcelona :
_bReverté,
_c2008
300 _a2 v. :
_bil.
505 0 _av.1 Introducción a las propiedades, las aplicaciones y el diseño. -- v.2 Introducción al amicroestructura, el procesamiento y el diseño
534 _pTít. original :
_tEnginnering materials I. An introduction to propeerties, applications and design
534 _pTít. original :
_tEnginnering materials II. An introduction to microestructures, processing and design
590 _aBATCH-UPD
_b10
_c20130110
_lUCH01
_h1434
590 _aBATCH-UPD
_b10
_c20130410
_lUCH01
_h0909
590 _aBATCH-UPD
_b10
_c20130914
_lUCH01
_h0418
590 _aCONVERSION
_b10
_c20130109
_lUCH01
_h1307
650 0 4 _aIngeniería
_xMateriales.
_958189
700 1 _aJones, David R. H.
_961995
901 _aBK
942 _cLIBRO
949 _a620.11 A82
_bBC
_cLIBRO
_d33724002335215
_eLIBRO
_fv.1 c.2
_gI.c/e
_h116788
_i11281
_sb
_t$227.50
949 _a620.11 A82
_bBC
_cLIBRO
_d33724002335256
_eLIBRO
_fv.2 c.2
_gI.c/e
_h116789
_i11281
_sb
_t$227.50
949 _a620.11 A82
_bBC
_cLIBRO
_d33724002335298
_eLIBRO
_fv.2
_gI.c/e
_h116790
_i11281
_si
_t$227.50
949 _a620.11 A82
_bBC
_cLIBRO
_d33724002335967
_eLIBRO
_fv.1
_gI.c/e
_h116787
_i11281
_sb
_t$227.50
999 _c10868
_d10868